[Event "Mazowieckie-chT 0405"]
[Site "Poland"]
[Date "2004.12.12"]
[Round "6"]
[White "Skowron, Romuald"]
[Black "Flazinski, Jozef"]
[Result "1-0"]
[WhiteElo "2000"]
[BlackElo "1984"]
[PlyCount "91"]
[EventDate "2004.10.03"]
[EventType "team-tourn"]
[EventRounds "10"]
[EventCountry "POL"]
[SourceTitle "EXT 2019"]
[Source "ChessBase"]
[SourceDate "2018.10.10"]
[SourceVersion "1"]
[SourceVersionDate "2018.10.10"]
[SourceQuality "1"]

1. d4 c5 2. dxc5 e6 3. Nc3 Bxc5 4. Ne4 Nf6 5. Nxc5 Qa5+ 6. Bd2 Qxc5 7. a3 Nc6 8. b4 Qf5 9. Nf3 Ne4 10. Be3 0-0 11. g3 d5 12. Bg2 e5 13. Qxd5 Rd8 14. Qb3 Be6 15. Qb2 Bc4 16. Nh4 Qg4 17. Bf3 Qe6 18. Bxe4 Nd4 19. Bxd4 exd4 20. Bd3 Bd5 21. 0-0 b6 22. Rad1 Bb7 23. Nf5 Rd5 24. e4 Rd7 25. Nxd4 Qe5 26. c3 Rd6 27. f4 Qh5 28. Be2 Qh3 29. Bf3 Rad8 30. Qe2 g6 31. Bg4 Qh6 32. e5 Rd5 33. Bf3 R5d7 34. e6 Bxf3 35. exf7+ Rxf7 36. Nxf3 Rdf8 37. Ng5 Rf6 38. Rd7 b5 39. Qxb5 a6 40. Qc4+ Kh8 41. Rxh7+ Qxh7 42. Nxh7 Kxh7 43. Re1 Rd6 44. Qc7+ Kh6 45. Qxd6 Rf5 46. Re6 1-0

[Event "Mazowieckie-chT 0405"]
[Site "Poland"]
[Date "2004.12.05"]
[Round "5"]
[White "Aniszewski, Dariusz"]
[Black "Skowron, Romuald"]
[Result "1/2-1/2"]
[WhiteElo "1800"]
[BlackElo "2000"]
[PlyCount "99"]
[EventDate "2004.10.03"]
[EventType "team-tourn"]
[EventRounds "10"]
[EventCountry "POL"]
[SourceTitle "EXT 2019"]
[Source "ChessBase"]
[SourceDate "2018.10.10"]
[SourceVersion "1"]
[SourceVersionDate "2018.10.10"]
[SourceQuality "1"]

1. d4 d5 2. c4 c6 3. cxd5 cxd5 4. Nf3 Nc6 5. Nc3 Nf6 6. Qb3 e6 7. Bf4 a6 8. h3 Be7 9. e3 0-0 10. Be2 Na5 11. Qd1 Nc4 12. 0-0 Nxb2 13. Qb3 Nc4 14. Bxc4 dxc4 15. Qxc4 b5 16. Qc7 b4 17. Qxd8 Rxd8 18. Na4 Nd5 19. Bh2 Bd7 20. Nc5 Bb5 21. Rfe1 Rdc8 22. e4 Nc3 23. Nb3 a5 24. d5 exd5 25. exd5 Bf6 26. Be5 Nxd5 27. Bxf6 gxf6 28. Nfd4 Bd3 29. Rad1 Bg6 30. Rd2 Nc3 31. f3 Kf8 32. Nc1 Ra7 33. Nce2 Re7 34. Kf2 a4 35. Rb2 Rc4 36. Rc1 Bd3 37. Nxc3 bxc3 38. Rb8+ Kg7 39. Nb5 Re2+ 40. Kg3 Rb2 41. Rd8 Rxb5 42. Rxd3 Rbc5 43. Rc2 Kg6 44. Kf2 Kf5 45. Ke3 h5 46. g4+ hxg4 47. hxg4+ Ke5 48. Rd8 Rd5 49. Rxd5+ Kxd5 50. a3 1/2-1/2